A modern sportdiplomácia kihívásai a magyar kézilabdaeéletben

Bibliográfiai részletek
Szerző: Soós Balázs
További közreműködők: Majoros Dr. Pál
Dokumentumtípus: Diplomadolgozat
Kulcsszavak:Sportdiplomácia
Nemzetközi kapcsolatok
Kommunikáció
Kézilabda
Magyarország
Online Access:http://dolgozattar.uni-bge.hu/1892

MARC

LEADER 00000nta a2200000 i 4500
001 dolg1892
005 20220823084606.0
008 150824suuuu hu om 000 hun d
040 |a BGE Dolgozattár Repozitórium  |b hun 
041 |a hu 
100 1 |a Soós Balázs 
245 1 2 |a A modern sportdiplomácia kihívásai a magyar kézilabdaeéletben  |c Soós Balázs  |h [elektronikus dokumentum] 
695 |a Sportdiplomácia 
695 |a Nemzetközi kapcsolatok 
695 |a Kommunikáció 
695 |a Kézilabda 
695 |a Magyarország 
700 1 |a Majoros Dr. Pál  |e ths 
856 4 0 |u http://dolgozattar.uni-bge.hu/1892/1/SZAKDOLGOZAT_%2812%29.pdf  |z Dokumentum-elérés